Podnik před privatizací

Gespeichert in:
Bibliographische Detailangaben
1. Verfasser: Petřič, Leopold
Format: Buch
Sprache:Tschechisch
Veröffentlicht: Krnov Konzulex 1991
Ausgabe:1. vyd.
Schlagworte:
Tags: Tag hinzufügen
Keine Tags, Fügen Sie das erste Tag hinzu!

MARC

LEADER 00000nam a2200000 4500
001 c000999
005 20221214094511.4
020 |a 80-85299-02-X 
041 0 |a cze 
044 |a CZ 
245 1 0 |a Podnik před privatizací  |c Leopold Petřič 
250 |a 1. vyd. 
264 1 |a Krnov  |b Konzulex  |c 1991 
300 |a 38 s. 
610 2 0 |a privatizácia 
610 2 0 |a podnik 
610 2 0 |a právo obchodné 
610 2 0 |a oceňovanie ekonomické 
610 2 0 |a oceňovanie 
610 2 0 |a inovácia 
610 2 0 |a základňa výrobno-technická 
610 2 0 |a práca personálna 
610 2 0 |a organizácia podniku 
610 2 0 |a odbyt 
610 2 0 |a marketing 
610 2 0 |a motivácia pracovná 
100 1 |a Petřič, Leopold